[Event "43. Olimpiada Batumi 2018 Femenina"]
[Site "Batumi GEO"]
[Date "2018.09.27"]
[Round "4.4"]
[White "Kaps, Darja"]
[Black "Osmak, Iulija"]
[Result "0-1"]
[WhiteElo "2148"]
[BlackElo "2405"]
[PlyCount "80"]
[EventDate "2018.09.24"]
[EventType "team-swiss"]
[EventRounds "11"]
[EventCountry "GEO"]
[SourceTitle "Ajedrez en Madrid"]
[Source "lmi"]
[SourceDate "2018.09.24"]
[WhiteTeam "Slovenia"]
[BlackTeam "Ukraine"]
[WhiteTeamCountry "SLO"]
[BlackTeamCountry "UKR"]

1. e4 e6 2. Qe2 Nf6 3. g3 d5 4. d3 Nc6 5. c3 dxe4 6. dxe4 e5 7. Bg2 Bc5 8. Nf3
a5 9. O-O O-O 10. Bg5 h6 11. Rd1 Qe7 12. Bxf6 Qxf6 13. Nbd2 b6 14. Nb3 Ba6 15.
Qc2 Be7 16. a4 Rfd8 17. Rxd8+ Rxd8 18. Rd1 Qe6 19. Rxd8+ Nxd8 20. Nbd2 Bc5 21.
b3 Qf6 22. Qd1 Ne6 23. Bf1 Bb7 24. Qe2 Bf8 25. Qb5 Nc5 26. Bg2 Qe6 27. Qe2 Nxb3
28. Nc4 Ba6 29. Bf1 Bd6 30. Qd3 Nc5 31. Qd5 Qxd5 32. exd5 Bxc4 33. Bxc4 Nxa4
34. Nd2 Nxc3 35. Nb3 a4 36. Nc1 b5 37. Bd3 b4 38. Bc4 b3 39. Nxb3 axb3 40. Bxb3
Kf8 0-1

[Event "43. Olimpiada Batumi 2018 Femenina"]
[Site "Batumi GEO"]
[Date "2018.09.27"]
[Round "4.1"]
[White "Hoang, Thanh Trang"]
[Black "Melia, Salome"]
[Result "1-0"]
[WhiteElo "2423"]
[BlackElo "2391"]
[PlyCount "124"]
[EventDate "2018.09.24"]
[EventType "team-swiss"]
[EventRounds "11"]
[EventCountry "GEO"]
[SourceTitle "Ajedrez en Madrid"]
[Source "lmi"]
[SourceDate "2018.09.24"]
[WhiteTeam "Hungary"]
[BlackTeam "Georgia 2"]
[WhiteTeamCountry "HUN"]

1. d4 d6 2. e4 g6 3. Nc3 Bg7 4. Be3 c6 5. Qd2 Nf6 6. Nf3 O-O 7. h3 b5 8. Bd3
Nbd7 9. a4 b4 10. Ne2 c5 11. c3 Bb7 12. Ng3 bxc3 13. bxc3 cxd4 14. cxd4 d5 15.
e5 Ne4 16. Bxe4 dxe4 17. Ng5 Nb6 18. Qb4 a5 19. Qb1 Rb8 20. O-O Bd5 21. N5xe4
f5 22. exf6 exf6 23. Qc1 f5 24. Nc5 Rc8 25. Rd1 Ba8 26. Ne2 Nd5 27. Bh6 Re8 28.
Bxg7 Kxg7 29. Qd2 Qd6 30. Re1 Kh8 31. Rac1 f4 32. f3 Ne3 33. Nd3 Rxc1 34. Qxc1
g5 35. Ne5 Bd5 36. Nc3 Rc8 37. Qb2 Qb4 38. Qxb4 axb4 39. Nxd5 Nxd5 40. Nf7+ Kg8
41. Nxg5 b3 42. Rb1 Rb8 43. Ne4 b2 44. a5 Ne3 45. Nd2 Kf7 46. a6 Ke6 47. g3 Kd5
48. a7 Ra8 49. Rxb2 Rxa7 50. gxf4 Kxd4 51. Ne4 Ra1+ 52. Kh2 Nf1+ 53. Kg2 Ne3+
54. Kg3 Rg1+ 55. Kh2 Rg8 56. Ng3 Rf8 57. f5 Ke5 58. Rb4 Kf6 59. h4 Ra8 60. Re4
Nd5 61. Re6+ Kf7 62. Ne4 Nf6 1-0

[Event "43. Olimpiada Batumi 2018 Femenina"]
[Site "Batumi GEO"]
[Date "2018.09.27"]
[Round "4.2"]
[White "Gvetadze, Sofio"]
[Black "Gara, Anita"]
[Result "1-0"]
[WhiteElo "2325"]
[BlackElo "2370"]
[PlyCount "117"]
[EventDate "2018.09.24"]
[EventType "team-swiss"]
[EventRounds "11"]
[EventCountry "GEO"]
[SourceTitle "Ajedrez en Madrid"]
[Source "lmi"]
[SourceDate "2018.09.24"]
[WhiteTeam "Georgia 2"]
[BlackTeam "Hungary"]
[BlackTeamCountry "HUN"]

1. e4 c5 2. Nf3 Nc6 3. Bb5 g6 4. Bxc6 bxc6 5. O-O Bg7 6. Re1 Nh6 7. c3 O-O 8.
h3 f5 9. e5 Nf7 10. d4 cxd4 11. cxd4 c5 12. d5 Qc7 13. Qe2 e6 14. Nc3 Re8 15.
Bf4 Rb8 16. Rad1 Rb4 17. Qd2 Qb8 18. b3 Bb7 19. Qe3 Qa8 20. dxe6 dxe6 21. Bh2
Qc8 22. Na4 Bf8 23. Nb2 Re4 24. Qc3 Qc6 25. Nc4 Ng5 26. Rxe4 Qxe4 27. Ne1 Qe2
28. Qd2 Qxd2 29. Rxd2 Ne4 30. Rd7 Re7 31. Rd8 Bc6 32. f3 Nc3 33. Nd6 Nxa2 34.
Bf4 Kg7 35. Bg5 Rd7 36. Bf6+ Kg8 37. Rc8 Nb4 38. Bg5 Kg7 39. Bf6+ Kg8 40. Bg5
Kg7 41. Ne8+ Kf7 42. Nf6 Rb7 43. Nxh7 Be7 44. Bf6 Bxf6 45. exf6 g5 46. Nxg5+
Kxf6 47. f4 a5 48. h4 c4 49. bxc4 a4 50. Ra8 Rd7 51. Ra5 Rd2 52. h5 Nc2 53. Ra7
Rd7 54. Rxd7 Bxd7 55. Nxc2 e5 56. g3 e4 57. h6 Kg6 58. h7 Kg7 59. Kf2 1-0

[Event "43. Olimpiada Batumi 2018 Femenina"]
[Site "Batumi GEO"]
[Date "2018.09.27"]
[Round "4.3"]
[White "Gara, Ticia"]
[Black "Khukhashvili, Sopiko"]
[Result "0-1"]
[WhiteElo "2321"]
[BlackElo "2301"]
[PlyCount "98"]
[EventDate "2018.09.24"]
[EventType "team-swiss"]
[EventRounds "11"]
[EventCountry "GEO"]
[SourceTitle "Ajedrez en Madrid"]
[Source "lmi"]
[SourceDate "2018.09.24"]
[WhiteTeam "Hungary"]
[BlackTeam "Georgia 2"]
[WhiteTeamCountry "HUN"]

1. d4 Nf6 2. c4 e6 3. Nc3 d5 4. cxd5 exd5 5. Bg5 Be7 6. e3 c6 7. Bd3 Nbd7 8.
Nge2 h6 9. Bh4 O-O 10. Qc2 Re8 11. O-O Nh5 12. Bg3 Nxg3 13. Nxg3 Nf6 14. Bf5
Bf8 15. Bxc8 Rxc8 16. Rab1 g6 17. Qe2 a5 18. Rfc1 h5 19. Nf1 Ng4 20. Na4 Bd6
21. h3 Nh6 22. Nc5 Qe7 23. Qd2 g5 24. b4 axb4 25. Rxb4 Rc7 26. Rcb1 b5 27. a4
bxa4 28. Rxa4 Kg7 29. Re1 f5 30. Rea1 g4 31. Ra8 Rxa8 32. Rxa8 gxh3 33. gxh3
Kh7 34. f4 Bxc5 35. dxc5 Qh4 36. Nh2 Rg7+ 37. Kh1 Qxh3 38. Ra1 Ng4 39. Rg1 Qh4
40. Rg2 Qh3 41. Qb2 Re7 42. Rxg4 fxg4 43. Qf6 Qxe3 44. Qf5+ Kg7 45. Qg5+ Kf8
46. Qf5+ Rf7 47. Qxh5 Qc1+ 48. Kg2 Qc2+ 49. Kg1 Rh7 0-1

[Event "43. Olimpiada Batumi 2018 Femenina"]
[Site "Batumi GEO"]
[Date "2018.09.27"]
[Round "4.4"]
[White "Mikadze, Miranda"]
[Black "Lakos, Nikoletta"]
[Result "1/2-1/2"]
[WhiteElo "2255"]
[BlackElo "2258"]
[PlyCount "114"]
[EventDate "2018.09.24"]
[EventType "team-swiss"]
[EventRounds "11"]
[EventCountry "GEO"]
[SourceTitle "Ajedrez en Madrid"]
[Source "lmi"]
[SourceDate "2018.09.24"]
[WhiteTeam "Georgia 2"]
[BlackTeam "Hungary"]
[BlackTeamCountry "HUN"]

1. e4 d6 2. d4 Nf6 3. Nd2 g6 4. Ngf3 Bg7 5. c3 O-O 6. Be2 c5 7. dxc5 dxc5 8.
O-O Nc6 9. Qc2 Qc7 10. Re1 b6 11. a4 Bb7 12. Nc4 Rad8 13. Bg5 Rd7 14. Bf1 h6
15. Bh4 e5 16. Bxf6 Bxf6 17. Ne3 Ne7 18. Bb5 Rdd8 19. a5 Bg7 20. axb6 axb6 21.
Ra7 Nc8 22. Ra4 Nd6 23. Ba6 b5 24. Bxb7 Qxb7 25. Ra5 Nxe4 26. Ng4 Nd6 27. Ngxe5
Rfe8 28. Raa1 c4 29. Re2 Re6 30. Rae1 Rde8 31. Qd2 Kh7 32. Kf1 f6 33. Ng4 Ne4
34. Qc2 f5 35. Ne3 Qa7 36. Nd1 Qb6 37. Nd2 Nc5 38. Rxe6 Rxe6 39. Rxe6 Qxe6 40.
Nf3 Qd6 41. h4 Nd3 42. b3 cxb3 43. Qxb3 Nc5 44. Qc2 Ne4 45. h5 gxh5 46. Ne3 Qc5
47. c4 bxc4 48. Nh4 c3 49. Nhxf5 Nd2+ 50. Kg1 Kh8 51. Qd3 Bf6 52. Qd7 Qf8 53.
Qc6 Nb3 54. Qc4 Nd2 55. Qc6 Nb3 56. Qc4 Nd2 57. Qc6 Nb3 1/2-1/2

[Event "43. Olimpiada Batumi 2018 Femenina"]
[Site "Batumi GEO"]
[Date "2018.09.27"]
[Round "4.1"]
[White "Koneru, Humpy"]
[Black "Socko, Monika"]
[Result "1/2-1/2"]
[WhiteElo "2557"]
[BlackElo "2446"]
[PlyCount "103"]
[EventDate "2018.09.24"]
[EventType "team-swiss"]
[EventRounds "11"]
[EventCountry "GEO"]
[SourceTitle "Ajedrez en Madrid"]
[Source "lmi"]
[SourceDate "2018.09.24"]
[WhiteTeam "India"]
[BlackTeam "Poland"]
[WhiteTeamCountry "IND"]
[BlackTeamCountry "POL"]

1. c4 e5 2. Nc3 Nc6 3. Nf3 g6 4. d4 exd4 5. Nxd4 Bg7 6. Nxc6 bxc6 7. g3 Ne7 8.
Bg2 O-O 9. O-O d6 10. Bg5 Rb8 11. Qd2 f6 12. Be3 Nf5 13. Bxc6 Nxe3 14. Qxe3
Rxb2 15. Rab1 Rxb1 16. Rxb1 f5 17. Nd5 f4 18. Qxa7 fxg3 19. hxg3 Be6 20. Qe3
Bxd5 21. cxd5 Kh8 22. a4 Qf6 23. a5 Qf5 24. Rf1 Qg4 25. Rd1 Qc4 26. Bb7 Qc2 27.
Rc1 Qb2 28. Rxc7 Bd4 29. Qh6 Qb1+ 30. Rc1 Bxf2+ 31. Kh2 Qf5 32. Qxf8+ Qxf8 33.
Rc8 Kg7 34. Rxf8 Kxf8 35. Kg2 Bc5 36. Kf3 Ke7 37. Kf4 h5 38. a6 Kf6 39. Bc8 g5+
40. Ke4 Ba7 41. Bh3 h4 42. gxh4 gxh4 43. Kf4 Bb6 44. e4 Ba7 45. e5+ dxe5+ 46.
Ke4 Ke7 47. Kxe5 Bb8+ 48. Kf5 Kd6 49. Bg2 h3 50. Bh1 Kc5 51. Ke6 Kb6 52. d6
1/2-1/2

[Event "43. Olimpiada Batumi 2018 Femenina"]
[Site "Batumi GEO"]
[Date "2018.09.27"]
[Round "4.2"]
[White "Zawadzka, Jolanta"]
[Black "Harika, Dronavalli"]
[Result "0-1"]
[WhiteElo "2424"]
[BlackElo "2500"]
[PlyCount "124"]
[EventDate "2018.09.24"]
[EventType "team-swiss"]
[EventRounds "11"]
[EventCountry "GEO"]
[SourceTitle "Ajedrez en Madrid"]
[Source "lmi"]
[SourceDate "2018.09.24"]
[WhiteTeam "Poland"]
[BlackTeam "India"]
[WhiteTeamCountry "POL"]
[BlackTeamCountry "IND"]

1. e4 c6 2. Nc3 d5 3. Nf3 Nf6 4. e5 Ne4 5. Ne2 Qb6 6. d4 e6 7. Nfg1 f6 8. f3
Ng5 9. exf6 gxf6 10. f4 Ne4 11. Nf3 Bd7 12. Ng3 c5 13. Nxe4 dxe4 14. Nd2 Qc6
15. Qh5+ Kd8 16. dxc5 Bxc5 17. Nb3 Be7 18. c3 Na6 19. Bxa6 Qxa6 20. Be3 Qd3 21.
Bd4 Be8 22. Qa5+ Kc8 23. Nc5 Qc4 24. b3 Qb5 25. Qxb5 Bxb5 26. Nxe4 Rg8 27. Kf2
Bc6 28. Rhe1 f5 29. Ng3 Rg6 30. Rad1 Bd6 31. Be5 Bc5+ 32. Bd4 Bd6 33. Be5 Bc5+
34. Kf1 b5 35. Rd2 Kb7 36. Bd4 Bd6 37. Be5 Bc5 38. Bd6 Bb6 39. Red1 Rag8 40. c4
h5 41. Nxh5 Bxg2+ 42. Ke2 Bh3 43. c5 Bg4+ 44. Ke3 Bxd1 45. Rxd1 Rh6 46. cxb6
Rxh5 47. bxa7 Rd8 48. Rd4 Rh3+ 49. Kd2 Rxh2+ 50. Kc3 Rxa2 51. Bc5 Rxd4 52. Bxd4
Re2 53. Kd3 Re4 54. Be3 e5 55. fxe5 Rxe5 56. Bf2 Re6 57. Bc5 Re1 58. Kd2 Rb1
59. b4 Rb3 60. Ke2 Rc3 61. Kd2 Rxc5 62. bxc5 Kxa7 0-1

[Event "43. Olimpiada Batumi 2018 Femenina"]
[Site "Batumi GEO"]
[Date "2018.09.27"]
[Round "4.3"]
[White "Tania, Sachdev"]
[Black "Kulon, Klaudia"]
[Result "1-0"]
[WhiteElo "2400"]
[BlackElo "2347"]
[PlyCount "89"]
[EventDate "2018.09.24"]
[EventType "team-swiss"]
[EventRounds "11"]
[EventCountry "GEO"]
[SourceTitle "Ajedrez en Madrid"]
[Source "lmi"]
[SourceDate "2018.09.24"]
[WhiteTeam "India"]
[BlackTeam "Poland"]
[WhiteTeamCountry "IND"]
[BlackTeamCountry "POL"]

1. d4 f5 2. g3 Nf6 3. Bg2 g6 4. c4 Bg7 5. Nf3 O-O 6. Nc3 d6 7. O-O c6 8. Rb1 a5
9. a3 Kh8 10. b4 axb4 11. axb4 Be6 12. d5 Bg8 13. Nd4 Qc8 14. Bb2 e5 15. dxe6
Bxe6 16. Na4 Ra7 17. Nxe6 Qxe6 18. Bd4 Ra8 19. b5 Qe7 20. Nb6 Ra2 21. e3 Ne4
22. Bxe4 fxe4 23. Ra1 Rxa1 24. Qxa1 Bxd4 25. Qxd4+ Kg8 26. Rd1 Qc7 27. Na4 cxb5
28. cxb5 Qc2 29. Rf1 Nd7 30. Qxd6 Rf7 31. Nb6 Nxb6 32. Qxb6 Kg7 33. Qd4+ Kg8
34. Qd8+ Kg7 35. Qd1 Qc4 36. Qa1+ Kh6 37. Qb2 Rf5 38. b6 Kg5 39. Qg7 Qf7 40.
Qd4 Qe6 41. Rc1 Kh6 42. Rc7 Qa2 43. Qg7+ Kg5 44. Qe7+ Kg4 45. Qxe4+ 1-0

[Event "43. Olimpiada Batumi 2018 Femenina"]
[Site "Batumi GEO"]
[Date "2018.09.27"]
[Round "4.4"]
[White "Warakomska, Anna"]
[Black "Karavade, Eesha"]
[Result "1/2-1/2"]
[WhiteElo "2305"]
[BlackElo "2374"]
[PlyCount "89"]
[EventDate "2018.09.24"]
[EventType "team-swiss"]
[EventRounds "11"]
[EventCountry "GEO"]
[SourceTitle "Ajedrez en Madrid"]
[Source "lmi"]
[SourceDate "2018.09.24"]
[WhiteTeam "Poland"]
[BlackTeam "India"]
[WhiteTeamCountry "POL"]
[BlackTeamCountry "IND"]

1. e4 c6 2. d4 d5 3. exd5 cxd5 4. Bd3 Nc6 5. c3 Nf6 6. Bf4 Bg4 7. Qb3 Qd7 8.
Nd2 e6 9. Ngf3 Bd6 10. Bxd6 Qxd6 11. O-O O-O 12. Rae1 Bxf3 13. Nxf3 Rab8 14.
Ne5 Nd7 15. f4 f5 16. Nxd7 Qxd7 17. Bb5 Qd6 18. Qa4 Kf7 19. Rf2 a6 20. Bxc6
Qxc6 21. Qd1 Kg8 22. Rfe2 Rf6 23. Re5 Rg6 24. Qe2 Kf7 25. Kh1 b5 26. g4 fxg4
27. f5 exf5 28. Rxf5+ Kg8 29. Qe5 Rd6 30. Rg5 Rb7 31. Rxg4 h6 32. Rf4 Rd8 33.
Rf5 a5 34. a3 b4 35. axb4 axb4 36. cxb4 Qd6 37. Qxd6 Rxd6 38. Ree5 Rxb4 39.
Rxd5 Rxd5 40. Rxd5 Rxb2 41. Rd7 Kh7 42. Rd6 Kg8 43. Rd7 Kh7 44. Rd6 Kg8 45. Rd7
1/2-1/2

[Event "43. Olimpiada Batumi 2018 Femenina"]
[Site "Batumi GEO"]
[Date "2018.09.27"]
[Round "4.1"]
[White "Atalik, Ekaterina"]
[Black "Eric, Jovana"]
[Result "1/2-1/2"]
[WhiteElo "2447"]
[BlackElo "2261"]
[PlyCount "87"]
[EventDate "2018.09.24"]
[EventType "team-swiss"]
[EventRounds "11"]
[EventCountry "GEO"]
[SourceTitle "Ajedrez en Madrid"]
[Source "lmi"]
[SourceDate "2018.09.24"]
[WhiteTeam "Turkey"]
[BlackTeam "Serbia"]
[WhiteTeamCountry "TUR"]
[BlackTeamCountry "SRB"]

1. d4 d6 2. Nf3 g6 3. g3 Nd7 4. Bg2 Bg7 5. c4 Nh6 6. O-O O-O 7. Nc3 e5 8. b3
exd4 9. Bg5 f6 10. Bxh6 Bxh6 11. Nxd4 Ne5 12. Qc2 c6 13. Rad1 Qe7 14. Rfe1 Bd7
15. f4 Nf7 16. e4 Rae8 17. Qf2 Bg7 18. Bf3 Qd8 19. Kg2 Qa5 20. Re3 f5 21. exf5
Rxe3 22. Qxe3 Re8 23. Qc1 Bxf5 24. Nde2 a6 25. Qd2 Qc5 26. g4 Bc8 27. Ne4 Qa3
28. N2g3 Rd8 29. Re1 Qb2 30. Qxb2 Bxb2 31. Rd1 d5 32. cxd5 cxd5 33. Nc5 Ba3 34.
Na4 Bd6 35. Ne2 Bc7 36. h3 d4 37. Rxd4 Rxd4 38. Nxd4 b5 39. Nc5 Bxf4 40. Nc6
Bd6 41. b4 Ne5 42. Bd5+ Kf8 43. Na7 Bd7 44. Nxd7+ 1/2-1/2

[Event "43. Olimpiada Batumi 2018 Femenina"]
[Site "Batumi GEO"]
[Date "2018.09.27"]
[Round "4.2"]
[White "Velikic, Adela"]
[Black "Ozturk, Kubra"]
[Result "1/2-1/2"]
[WhiteElo "2339"]
[BlackElo "2345"]
[PlyCount "61"]
[EventDate "2018.09.24"]
[EventType "team-swiss"]
[EventRounds "11"]
[EventCountry "GEO"]
[SourceTitle "Ajedrez en Madrid"]
[Source "lmi"]
[SourceDate "2018.09.24"]
[WhiteTeam "Serbia"]
[BlackTeam "Turkey"]
[WhiteTeamCountry "SRB"]
[BlackTeamCountry "TUR"]

1. c4 e6 2. Nf3 d5 3. e3 Nf6 4. b3 c5 5. Bb2 Nc6 6. cxd5 exd5 7. Be2 Be7 8. O-O
O-O 9. d4 Ne4 10. dxc5 Bxc5 11. Nc3 Be6 12. Rc1 Be7 13. Nb5 Rc8 14. Nfd4 Nxd4
15. Nxd4 Qa5 16. Rxc8 Rxc8 17. Bg4 Bf6 18. Nxe6 Bxb2 19. Nf4 Rd8 20. Qc2 Qc3
21. Qxc3 Nxc3 22. Bf3 d4 23. exd4 Rxd4 24. Ne2 Nxe2+ 25. Bxe2 Rd2 26. Rd1 Rxd1+
27. Bxd1 b6 28. Kf1 Kf8 29. Ke2 Ke7 30. Kd3 Kd6 31. Ke4 1/2-1/2

[Event "43. Olimpiada Batumi 2018 Femenina"]
[Site "Batumi GEO"]
[Date "2018.09.27"]
[Round "4.3"]
[White "Yildiz Kadioglu, Betul Cemre"]
[Black "Injac, Teodora"]
[Result "1/2-1/2"]
[WhiteElo "2287"]
[BlackElo "2241"]
[PlyCount "158"]
[EventDate "2018.09.24"]
[EventType "team-swiss"]
[EventRounds "11"]
[EventCountry "GEO"]
[SourceTitle "Ajedrez en Madrid"]
[Source "lmi"]
[SourceDate "2018.09.24"]
[WhiteTeam "Turkey"]
[BlackTeam "Serbia"]
[WhiteTeamCountry "TUR"]
[BlackTeamCountry "SRB"]

1. e4 c5 2. Nf3 d6 3. Bb5+ Nd7 4. O-O a6 5. Bd3 Ngf6 6. c3 g6 7. Bc2 Bg7 8. d4
e5 9. dxe5 dxe5 10. a4 O-O 11. Nbd2 b6 12. Nc4 Bb7 13. Qe2 Qc7 14. Rd1 Bc6 15.
Nd6 Ne8 16. Nxe8 Rfxe8 17. Bb3 Nf6 18. Ng5 Re7 19. f3 h6 20. Nh3 Ree8 21. Be3
Bd7 22. Nf2 b5 23. axb5 axb5 24. Qd2 c4 25. Bc2 Kh7 26. Rxa8 Rxa8 27. Qd6 Qxd6
28. Rxd6 Be6 29. Rb6 Ra5 30. Rb7 Nd7 31. Ra7 Rxa7 32. Bxa7 Bf8 33. Kf1 Kg7 34.
Ke2 g5 35. Nd1 Bc5 36. Bxc5 Nxc5 37. Ke3 Kf6 38. Nf2 h5 39. g3 Ke7 40. f4 f6
41. fxe5 fxe5 42. Nd1 Bd7 43. Kd2 Bc6 44. Nf2 Kf6 45. Ke3 g4 46. h3 gxh3 47.
Nxh3 Bd7 48. Nf2 Kg5 49. Bd1 Be6 50. Bc2 Bg4 51. Kd2 h4 52. gxh4+ Kxh4 53. Ke3
Kg3 54. Nxg4 Kxg4 55. Bd1+ Kh4 56. Bc2 Na4 57. b3 Nxc3 58. bxc4 bxc4 59. Kd2
Nb5 60. Ba4 Nd6 61. Bc6 Kg4 62. Kc3 Kf3 63. Bd5 Ke3 64. Bc6 Nxe4+ 65. Kxc4 Nd2+
66. Kc3 Nf3 67. Ba8 Ng5 68. Kc2 Kd4 69. Kd2 Ne6 70. Ke2 Nf4+ 71. Kf3 Nd5 72.
Bxd5 Kxd5 73. Ke3 e4 74. Ke2 Kd4 75. Kd2 e3+ 76. Ke2 Ke4 77. Ke1 Kd3 78. Kd1
e2+ 79. Ke1 Ke3 1/2-1/2

[Event "43. Olimpiada Batumi 2018 Femenina"]
[Site "Batumi GEO"]
[Date "2018.09.27"]
[Round "4.4"]
[White "Gajcin, Marina"]
[Black "Okuyaz, Duru"]
[Result "0-1"]
[WhiteElo "2170"]
[BlackElo "2108"]
[PlyCount "68"]
[EventDate "2018.09.24"]
[EventType "team-swiss"]
[EventRounds "11"]
[EventCountry "GEO"]
[SourceTitle "Ajedrez en Madrid"]
[Source "lmi"]
[SourceDate "2018.09.24"]
[WhiteTeam "Serbia"]
[BlackTeam "Turkey"]
[WhiteTeamCountry "SRB"]
[BlackTeamCountry "TUR"]

1. e4 e6 2. d4 d5 3. Nc3 Nf6 4. e5 Nfd7 5. f4 c5 6. Nf3 Nc6 7. Be3 Be7 8. Qd2
O-O 9. dxc5 Nxc5 10. O-O-O a6 11. Kb1 b5 12. Qf2 Na4 13. Nxa4 bxa4 14. Nd4 Qc7
15. Nxc6 Qxc6 16. Bd4 Rb8 17. h4 Bd7 18. Rh3 Rb4 19. a3 Rbb8 20. h5 Qb7 21. Qd2
Rfc8 22. Rg3 g6 23. f5 exf5 24. e6 Be8 25. Qe2 Bc5 26. exf7+ Bxf7 27. Qe5 Bxd4
28. Qxd4 Qc7 29. h6 Be6 30. Rd2 Rb6 31. Qf6 Rcb8 32. Re3 Rxb2+ 33. Qxb2 Rxb2+
34. Kxb2 Qb6+ 0-1

[Event "43. Olimpiada Batumi 2018 Femenina"]
[Site "Batumi GEO"]
[Date "2018.09.27"]
[Round "4.1"]
[White "Khomeriki, Nino"]
[Black "Richards, Heather S"]
[Result "1/2-1/2"]
[WhiteElo "2313"]
[BlackElo "2259"]
[PlyCount "71"]
[EventDate "2018.09.24"]
[EventType "team-swiss"]
[EventRounds "11"]
[EventCountry "GEO"]
[SourceTitle "Ajedrez en Madrid"]
[Source "lmi"]
[SourceDate "2018.09.24"]
[WhiteTeam "Georgia 3"]
[BlackTeam "Australia"]
[BlackTeamCountry "AUS"]

1. d4 d6 2. Nf3 Nf6 3. c4 g6 4. Nc3 Bg7 5. g3 O-O 6. Bg2 c6 7. O-O Qa5 8. Nd2
Qh5 9. e4 Qxd1 10. Rxd1 e5 11. d5 a5 12. dxc6 Nxc6 13. Nb5 Rd8 14. Nb1 Be6 15.
N1a3 Nd4 16. Nxd4 exd4 17. Rxd4 Ng4 18. Rd1 Ne5 19. Bg5 Rdc8 20. Rxd6 Nxc4 21.
Nxc4 Rxc4 22. Rad1 Bxb2 23. Bh6 Re8 24. Bf1 Rc6 25. Rd8 Rc8 26. Rxe8+ Rxe8 27.
Bb5 Rc8 28. a4 Bg4 29. Rb1 Bd4 30. Bd3 b6 31. Rc1 Rxc1+ 32. Bxc1 Bd1 33. Bb5
Bf3 34. Bd3 Bd1 35. Bb5 Bf3 36. Bd3 1/2-1/2

[Event "43. Olimpiada Batumi 2018 Femenina"]
[Site "Batumi GEO"]
[Date "2018.09.27"]
[Round "4.2"]
[White "Ryjanova, Julia"]
[Black "Janiashvili, Mariami"]
[Result "1/2-1/2"]
[WhiteElo "2330"]
[BlackElo "2081"]
[PlyCount "114"]
[EventDate "2018.09.24"]
[EventType "team-swiss"]
[EventRounds "11"]
[EventCountry "GEO"]
[SourceTitle "Ajedrez en Madrid"]
[Source "lmi"]
[SourceDate "2018.09.24"]
[WhiteTeam "Australia"]
[BlackTeam "Georgia 3"]
[WhiteTeamCountry "AUS"]

1. d4 g6 2. c4 Bg7 3. Nc3 d6 4. e4 e5 5. dxe5 dxe5 6. Qxd8+ Kxd8 7. f4 Nc6 8.
Nf3 Be6 9. fxe5 Nxe5 10. Bf4 f6 11. Rd1+ Ke7 12. Nd5+ Bxd5 13. Rxd5 c6 14. Rd1
Rd8 15. Rxd8 Kxd8 16. Be2 Nh6 17. O-O Nhf7 18. Nxe5 fxe5 19. Be3 Nd6 20. Bxa7
Ke8 21. Bd3 Bh6 22. Rd1 Kd7 23. Bf2 Kc7 24. c5 Nf7 25. h4 Rd8 26. Kf1 Bf8 27.
Ke2 Nh6 28. Bc4 Rxd1 29. Kxd1 Ng4 30. Bg1 Nf6 31. Bd3 Nh5 32. g3 Nxg3 33. Bh2
Nh5 34. Bxe5+ Kd7 35. Bd4 Nf4 36. Bf1 Be7 37. Bf2 Ke6 38. Kd2 Ke5 39. Bd3 Ng2
40. Bg3+ Kd4 41. Bf2+ Ke5 42. Bg3+ Ke6 43. Bc4+ Kd7 44. h5 gxh5 45. Bf1 h4 46.
Bxg2 hxg3 47. Bh3+ Kc7 48. b4 b6 49. cxb6+ Kxb6 50. a3 Kb5 51. Ke2 Bd6 52. Bd7
Be5 53. Kf3 h5 54. a4+ Kxa4 55. Bxc6+ Kxb4 56. Bd7 Kc3 57. Bh3 Kd2 1/2-1/2

[Event "43. Olimpiada Batumi 2018 Femenina"]
[Site "Batumi GEO"]
[Date "2018.09.27"]
[Round "4.3"]
[White "Esadze, Tamari"]
[Black "Zhang, Jilin"]
[Result "0-1"]
[WhiteElo "1911"]
[BlackElo "2224"]
[PlyCount "118"]
[EventDate "2018.09.24"]
[EventType "team-swiss"]
[EventRounds "11"]
[EventCountry "GEO"]
[SourceTitle "Ajedrez en Madrid"]
[Source "lmi"]
[SourceDate "2018.09.24"]
[WhiteTeam "Georgia 3"]
[BlackTeam "Australia"]
[BlackTeamCountry "AUS"]

1. e4 c5 2. Nf3 d6 3. d4 cxd4 4. Nxd4 Nf6 5. Nc3 a6 6. Bg5 e6 7. f4 Qc7 8. Qf3
b5 9. a3 Nbd7 10. Bxf6 gxf6 11. O-O-O h5 12. g4 Bb7 13. gxh5 f5 14. Bg2 Nf6 15.
Qd3 Nxh5 16. Nde2 Qc4 17. Kb1 Nf6 18. Qxc4 bxc4 19. Rd4 Rb8 20. Ng3 fxe4 21.
Ngxe4 Nxe4 22. Nxe4 d5 23. Nc3 Bg7 24. Rdd1 Bxc3 25. bxc3 d4 26. Bxb7 Rxb7+ 27.
Ka1 dxc3 28. Rd4 Rc7 29. h4 Rh5 30. Rh3 Ke7 31. Rxc3 Rxh4 32. Rcxc4 Rxc4 33.
Rxc4 Kf6 34. Ra4 Kf5 35. Rxa6 Rxf4 36. Kb2 e5 37. a4 e4 38. Kc3 Rf2 39. Ra7 f6
40. Re7 Rf3+ 41. Kb2 Rh3 42. a5 Kf4 43. a6 f5 44. a7 Rh8 45. Rh7 Ra8 46. Kc1
Ke3 47. Kd1 f4 48. Ke1 f3 49. c4 Rg8 50. Rh1 Rc8 51. Rh4 Ra8 52. Rh7 Rg8 53.
Rh1 Kd3 54. c5 e3 55. c6 f2+ 56. Kf1 Kd2 57. c7 Rf8 58. c8=Q e2+ 59. Kg2 f1=Q+
0-1

[Event "43. Olimpiada Batumi 2018 Femenina"]
[Site "Batumi GEO"]
[Date "2018.09.27"]
[Round "4.4"]
[White "Berezina, Irina"]
[Black "Lomaia, Diana"]
[Result "1-0"]
[WhiteElo "2112"]
[BlackElo "1876"]
[PlyCount "77"]
[EventDate "2018.09.24"]
[EventType "team-swiss"]
[EventRounds "11"]
[EventCountry "GEO"]
[SourceTitle "Ajedrez en Madrid"]
[Source "lmi"]
[SourceDate "2018.09.24"]
[WhiteTeam "Australia"]
[BlackTeam "Georgia 3"]
[WhiteTeamCountry "AUS"]

1. d4 Nf6 2. c4 g6 3. Nf3 Bg7 4. Nc3 O-O 5. g3 d6 6. Bg2 Nc6 7. O-O a6 8. b3
Rb8 9. Bb2 b5 10. cxb5 axb5 11. Rc1 Bd7 12. d5 Na5 13. Nd4 e6 14. e4 e5 15. Nc2
Ne8 16. Nb4 f5 17. Rc2 f4 18. f3 fxg3 19. hxg3 Qg5 20. Qe1 Rf7 21. Bc1 Qf6 22.
Be3 g5 23. Qd2 h6 24. Ne2 Ra8 25. Nd3 Nb7 26. f4 exf4 27. gxf4 gxf4 28. Rxf4
Qg6 29. Rxf7 Kxf7 30. Ndf4 Qg4 31. Ne6 Rc8 32. N2d4 Nf6 33. Qd3 Kg8 34. Nf5
Bxe6 35. dxe6 Kh8 36. Rf2 Rf8 37. e7 Re8 38. Nxg7 Kxg7 39. Bd4 1-0

[Event "43. Olimpiada Batumi 2018 Femenina"]
[Site "Batumi GEO"]
[Date "2018.09.27"]
[Round "4.1"]
[White "Vega Gutierrez, Sabrina"]
[Black "Lujan, Carolina"]
[Result "0-1"]
[WhiteElo "2404"]
[BlackElo "2350"]
[PlyCount "110"]
[EventDate "2018.09.24"]
[EventType "team-swiss"]
[EventRounds "11"]
[EventCountry "GEO"]
[SourceTitle "Ajedrez en Madrid"]
[Source "lmi"]
[SourceDate "2018.09.24"]
[WhiteTeam "Spain"]
[BlackTeam "Argentina"]
[WhiteTeamCountry "ESP"]
[BlackTeamCountry "ARG"]

1. e4 c5 2. Nf3 Nc6 3. d4 cxd4 4. Nxd4 e5 5. Nb5 d6 6. c4 Be7 7. N5c3 Nf6 8.
Na3 O-O 9. Be2 Be6 10. O-O Rc8 11. Be3 Qd7 12. h3 Bd8 13. Nab5 Ne8 14. c5 Nd4
15. Nxd4 exd4 16. Bb5 Qe7 17. cxd6 Nxd6 18. Bxd4 Rxc3 19. bxc3 Nxb5 20. a4 Nxd4
21. cxd4 Bc7 22. d5 Bd7 23. Qd3 Be5 24. Ra2 Rc8 25. Rc2 Rxc2 26. Qxc2 Qd6 27.
Rb1 b6 28. Qc4 g6 29. Rb3 h5 30. g3 g5 31. Kg2 g4 32. hxg4 hxg4 33. a5 bxa5 34.
Rb7 a4 35. Rxa7 Kg7 36. Ra6 Qa3 37. d6 Qf3+ 38. Kg1 Qd1+ 39. Kg2 Qf3+ 40. Kg1
Qb3 41. Qc1 Kg6 42. Ra8 Bd4 43. Qf4 Qf3 44. Rg8+ Kh7 45. Rf8 Qxf4 46. gxf4 Kg7
47. Rd8 a3 48. Ra8 g3 49. Rxa3 gxf2+ 50. Kg2 Bc6 51. Rb3 Bxe4+ 52. Kf1 Bf5 53.
Ke2 Bg4+ 54. Kf1 Be6 55. Rf3 Bc4+ 0-1